TOPOLOGY (Record no. 216529)
[ view plain ]
| 000 -LEADER | |
|---|---|
| fixed length control field | 00432nam a22001697a 4500 |
| 008 - FIXED-LENGTH DATA ELEMENTS--GENERAL INFORMATION | |
| fixed length control field | 260204b |||||||| |||| 00| 0 eng d |
| 022 ## - INTERNATIONAL STANDARD SERIAL NUMBER | |
| International Standard Serial Number | 978-93-534-3277-5 |
| 100 ## - MAIN ENTRY--PERSONAL NAME | |
| Personal name | MUNKRES, JAMES R. |
| 245 ## - TITLE STATEMENT | |
| Title | TOPOLOGY |
| 250 ## - EDITION STATEMENT | |
| Edition statement | 2ND UPDATED ED |
| 260 ## - PUBLICATION, DISTRIBUTION, ETC. | |
| Place of publication, distribution, etc. | UTTAR PRADESH, INDIA |
| Name of publisher, distributor, etc. | PEARSON EDUCATION |
| Date of publication, distribution, etc. | 2022 |
| 300 ## - PHYSICAL DESCRIPTION | |
| Extent | XVI, 537P. |
| 500 ## - GENERAL NOTE | |
| General note | INCLUDES INDEX |
| 650 ## - SUBJECT ADDED ENTRY | |
| Topical term or geographic name entry element | TOPOLOGY |
| 942 ## - ADDED ENTRY ELEMENTS (KOHA) | |
| Source of classification or shelving scheme | Library of Congress Classification |
| Koha item type | Long Loan Book |
| Withdrawn status | Lost status | Source of classification or shelving scheme | Damaged status | Not for loan | Collection | Home library | Current library | Shelving location | Date acquired | Inventory number | Total checkouts | Full call number | Barcode | Date last seen | Copy number | Price effective from | Koha item type |
|---|---|---|---|---|---|---|---|---|---|---|---|---|---|---|---|---|---|
| Library of Congress Classification | Science & Technology | Kisii University Library | Kisii University Library | On Display | 02/04/2026 | 111545 | QA 611 .M86 2022 | 50555 | 02/04/2026 | 1 | 02/04/2026 | Long Loan Book | |||||
| Library of Congress Classification | Science & Technology | Kisii University Library | Kisii University Library | On Display | 02/04/2026 | 111546 | QA 611 .M86 2022 | 50559 | 02/04/2026 | 2 | 02/04/2026 | Long Loan Book | |||||
| Library of Congress Classification | Science & Technology | Kisii University Library | Kisii University Library | On Display | 02/04/2026 | 111547 | QA 611 .M86 2022 | 50595 | 02/04/2026 | 3 | 02/04/2026 | Long Loan Book | |||||
| Library of Congress Classification | Science & Technology | Kisii University Library | Kisii University Library | On Display | 02/04/2026 | 111548 | QA 611 .M86 2022 | 50573 | 02/04/2026 | 4 | 02/04/2026 | Long Loan Book |